[Event "Santiago de Compostela Bicapawn GP Rap"]
[Site "Santiago de Compostela"]
[Date "2022.10.22"]
[Round "5"]
[White "Miguel Lago, Victor Miguel"]
[Black "Kuzubov, Yuriy"]
[Result "0-1"]
[WhiteElo "2176"]
[BlackElo "2612"]
[PlyCount "94"]
[EventDate "2022.10.22"]
[EventType "swiss (rapid)"]
[EventRounds "9"]
[EventCountry "ESP"]
[SourceTitle "CBM 210 Extra"]
[Source "ChessBase"]
[SourceDate "2022.11.30"]
[SourceVersion "1"]
[SourceVersionDate "2022.11.30"]
[SourceQuality "1"]

1. Nf3 d5 2. g3 Bg4 3. Bg2 Nd7 4. d4 e6 5. 0-0 Ngf6 6. Nbd2 h6 7. Re1 Bf5 8. c4 c6 9. Qb3 Qb6 10. c5 Qc7 11. Qc3 Be7 12. b4 0-0 13. Bb2 Ne4 14. Nxe4 Bxe4 15. a4 Bf6 16. Bh3 Rfe8 17. Ne5 Bxe5 18. dxe5 a5 19. f3 Bg6 20. f4 axb4 21. Qxb4 Qa5 22. Bc3 Qxc5+ 23. Qxc5 Nxc5 24. a5 Ne4 25. Bb2 Ra6 26. Ra3 Rea8 27. Rea1 Nd2 28. Bc3 Nc4 29. Rb3 b6 30. Bf1 bxa5 31. e3 a4 32. Rb4 a3 33. Bxc4 dxc4 34. Rxc4 a2 35. Kf2 Bd3 36. Rd4 Bb1 37. Ke2 Ra4 38. Rd1 Rc4 39. Rc1 h5 40. h3 Rd8 41. g4 hxg4 42. hxg4 Rd5 43. g5 Rdc5 44. Kd2 Kh7 45. Rh1+ Kg6 46. Bd4 Rc2+ 47. Kd3 Rc1+ 0-1

[Event "Santiago de Compostela Bicapawn GP B4"]
[Site "Santiago de Compostela"]
[Date "2022.10.21"]
[Round "2"]
[White "Gagunashvili, Merab"]
[Black "Miguel Lago, Victor Miguel"]
[Result "0-1"]
[WhiteElo "2556"]
[BlackElo "2176"]
[PlyCount "135"]
[EventDate "2022.10.21"]
[EventType "swiss (blitz)"]
[EventRounds "9"]
[EventCountry "ESP"]
[SourceTitle "CBM 210 Extra"]
[Source "ChessBase"]
[SourceDate "2022.11.30"]
[SourceVersion "1"]
[SourceVersionDate "2022.11.30"]
[SourceQuality "1"]

1. d4 Nf6 2. c4 g6 3. Nc3 Bg7 4. e4 d6 5. Nf3 0-0 6. Be2 e5 7. 0-0 exd4 8. Nxd4 Re8 9. f3 c6 10. Nc2 Na6 11. Kh1 Be6 12. Bg5 Qb6 13. Rb1 Rad8 14. Qd4 Qxd4 15. Nxd4 Bc8 16. Rfd1 h6 17. Bh4 g5 18. Bf2 Nh5 19. Bf1 Nf4 20. Nc2 Nc5 21. g3 Ng6 22. Nd4 Ne5 23. Kg2 a5 24. Rbc1 a4 25. b4 axb3 26. axb3 Kf8 27. Rb1 Na6 28. Nde2 Nb4 29. Rxd6 Rxd6 30. Bc5 Red8 31. Bxb4 Ke8 32. Bxd6 Rxd6 33. Rd1 Ke7 34. Kf2 Rxd1 35. Nxd1 Kd6 36. Ne3 Kc5 37. Nc2 g4 38. f4 Nf3 39. h3 Nd2 40. hxg4 Bxg4 41. Nc1 Nxf1 42. Kxf1 Bd1 43. Nd3+ Kb6 44. Nde1 Bc3 45. Ne3 Bxb3 46. Ke2 Kc5 47. Kd3 Bxe1 48. e5 Bxg3 49. Ke4 Bxc4 50. Nf5 Bf2 51. Nxh6 b5 52. f5 b4 53. e6 Bxe6 54. fxe6 fxe6 55. Kd3 Bd4 56. Nf7 b3 57. Ng5 Kd5 58. Nf3 c5 59. Nd2 b2 60. Kc2 c4 61. Nf3 e5 62. Nd2 e4 63. Nf1 e3 64. Ng3 Kc5 65. Ne2 Be5 66. Ng1 Kb4 67. Ne2 Bf6 68. Kd1 0-1

[Event "Santiago de Compostela Bicapawn GP B4"]
[Site "Santiago de Compostela"]
[Date "2022.10.21"]
[Round "3"]
[White "Miguel Lago, Victor Miguel"]
[Black "Dvirnyy, Danyyil"]
[Result "0-1"]
[WhiteElo "2176"]
[BlackElo "2514"]
[PlyCount "70"]
[EventDate "2022.10.21"]
[EventType "swiss (blitz)"]
[EventRounds "9"]
[EventCountry "ESP"]
[SourceTitle "CBM 210 Extra"]
[Source "ChessBase"]
[SourceDate "2022.11.30"]
[SourceVersion "1"]
[SourceVersionDate "2022.11.30"]
[SourceQuality "1"]

1. Nf3 Nf6 2. g3 c5 3. c4 d5 4. cxd5 Nxd5 5. Nc3 Nc6 6. Bg2 Nc7 7. d3 e5 8. 0-0 Be7 9. Nd2 Bd7 10. Nc4 f6 11. Rb1 0-0 12. Ne3 Kh8 13. Ned5 Nxd5 14. Nxd5 Bd6 15. a3 Be6 16. b4 cxb4 17. axb4 Qd7 18. b5 Nd4 19. b6 a5 20. Nc7 Bxc7 21. bxc7 Bd5 22. e3 Bxg2 23. Kxg2 Qd5+ 24. f3 Ne6 25. Qb3 Nxc7 26. Qxb7 Qxd3 27. Ba3 Qxa3 28. Qxc7 Rac8 29. Qa7 Rc2+ 30. Kh3 Qa2 31. Rh1 Qe6+ 32. g4 f5 33. Kg3 f4+ 34. exf4 exf4+ 35. Kh3 Qh6# 0-1

[Event "Pontevedra Tilve Memorial 5th"]
[Site "Pontevedra"]
[Date "2016.12.28"]
[Round "7"]
[White "De Prado Rodriguez, Oscar Bruno"]
[Black "Miguel Lago, Victor Miguel"]
[Result "0-1"]
[WhiteElo "2228"]
[BlackElo "2179"]
[PlyCount "88"]
[EventDate "2016.12.27"]
[EventType "swiss"]
[EventRounds "9"]
[EventCountry "ESP"]
[SourceTitle "CBM 176 Extra"]
[Source "ChessBase"]
[SourceDate "2017.03.02"]
[SourceVersion "1"]
[SourceVersionDate "2017.03.02"]
[SourceQuality "1"]

1. d4 Nf6 2. Bf4 g6 3. e3 Bg7 4. Nf3 0-0 5. Be2 d6 6. 0-0 Nh5 7. Bg5 h6 8. Bh4 g5 9. Nfd2 gxh4 10. Bxh5 h3 11. g3 c5 12. c3 e5 13. dxc5 dxc5 14. Bg4 Nc6 15. Bxc8 Rxc8 16. Qh5 Qd3 17. Nf3 e4 18. Nh4 Ne5 19. Na3 Rcd8 20. Nf5 Nf3+ 21. Kh1 Ng5 22. Nxh6+ Bxh6 23. Qxh6 Rd5 24. Qh5 Nf3 25. Qxh3 Kg7 26. Qg4+ Rg5 27. Qf4 Rd8 28. h4 Rg6 29. Kg2 Re6 30. Rac1 b5 31. Nc2 Qd2 32. Qg4+ Kf8 33. Qh5 Rd5 34. Qh8+ Ke7 35. Qb8 a6 36. Qc7+ Kf8 37. Qb8+ Kg7 38. a4 bxa4 39. Na3 Qe2 40. Rc2 Ne1+ 41. Rxe1 Qxe1 42. Nc4 Rd1 43. Kh3 Qh1+ 44. Kg4 Qf3+ 0-1

[Event "Pontevedra Tilve Memorial 5th"]
[Site "Pontevedra"]
[Date "2016.12.28"]
[Round "4"]
[White "Miguel Lago, Victor Miguel"]
[Black "Strikovic, Aleksa"]
[Result "0-1"]
[WhiteElo "2179"]
[BlackElo "2506"]
[PlyCount "103"]
[EventDate "2016.12.27"]
[EventType "swiss"]
[EventRounds "9"]
[EventCountry "ESP"]
[SourceTitle "CBM 176 Extra"]
[Source "ChessBase"]
[SourceDate "2017.03.02"]
[SourceVersion "1"]
[SourceVersionDate "2017.03.02"]
[SourceQuality "1"]

1. Nf3 c5 2. c4 g6 3. Nc3 Bg7 4. g3 Nc6 5. Bg2 d6 6. 0-0 a6 7. Rb1 Rb8 8. a3 Bf5 9. e4 Bg4 10. h3 Bxf3 11. Qxf3 b5 12. cxb5 axb5 13. b4 c4 14. Qd1 Ne5 15. a4 bxa4 16. Qxa4+ Qd7 17. b5 Qc8 18. b6+ Qd7 19. Rb4 Nf6 20. f4 Nd3 21. Rxc4 Qxa4 22. Nxa4 Nd7 23. Ba3 Nxb6 24. Nxb6 Rxb6 25. e5 0-0 26. Rc3 Nb2 27. Rb1 Rfb8 28. d4 h5 29. Be4 Na4 30. Rxb6 Rxb6 31. Rc8+ Kh7 32. Bc2 Ra6 33. Kf2 Nb6 34. Rc3 h4 35. gxh4 Nd5 36. Rf3 Bh6 37. f5 Be3+ 38. Rxe3 Nxe3 39. fxg6+ fxg6 40. exd6 exd6 41. Kxe3 Rxa3+ 42. Bd3 Kh6 43. Kd2 Kh5 44. Ke2 d5 45. Kd2 Rxd3+ 46. Kxd3 Kxh4 47. Ke3 g5 48. Kf2 Kxh3 49. Kf3 g4+ 50. Kf4 g3 51. Ke5 g2 52. Kxd5 0-1

[Event "Lalin op"]
[Site "Lalin"]
[Date "2000.??.??"]
[Round "2"]
[White "Miguel Lago, Victor Miguel"]
[Black "Cebrian Valverde, Jose Antonio"]
[Result "0-1"]
[WhiteElo "2315"]
[BlackElo "2152"]
[PlyCount "82"]
[EventDate "2000.??.??"]
[EventType "swiss"]
[EventRounds "9"]
[EventCountry "ESP"]
[SourceTitle "EXT 2001"]
[Source "ChessBase"]
[SourceDate "2000.11.22"]
[SourceVersion "1"]
[SourceVersionDate "2000.11.22"]
[SourceQuality "1"]

1. Nf3 Nf6 2. g3 e6 3. Bg2 c5 4. 0-0 Nc6 5. c4 Be7 6. d4 cxd4 7. Nxd4 0-0 8. Nc3 a6 9. b3 Qa5 10. Na4 Rd8 11. Bd2 Qc7 12. Be3 Rb8 13. Nxc6 bxc6 14. c5 Nd5 15. Bd2 f5 16. Rc1 a5 17. Bxd5 exd5 18. Qc2 Rb5 19. Qxf5 Qa7 20. Qh5 Rf8 21. Be3 Rb4 22. Nb6 Ba6 23. a3 g6 24. Qe5 Re4 25. Qb2 Bf6 26. Qc2 Rfe8 27. Rfe1 d4 28. Bd2 Rxe2 29. Rxe2 Rxe2 30. Re1 d3 31. Qb1 Rxd2 32. Re8+ Kf7 33. Ra8 Qb7 34. b4 d5 35. cxd6 Rb2 36. Qe1 Re2 37. Qd1 d2 38. Qb3+ Kg7 39. Rg8+ Kh6 40. g4 Re1+ 41. Kg2 Bf1+ 0-1

[Event "Nigran op 13th"]
[Site "Nigran"]
[Date "1999.??.??"]
[Round "7"]
[White "Miguel Lago, Victor Miguel"]
[Black "Glavina, Pablo"]
[Result "0-1"]
[WhiteElo "2340"]
[BlackElo "2425"]
[PlyCount "179"]
[EventDate "1999.??.??"]
[EventType "swiss"]
[EventRounds "9"]
[EventCountry "ESP"]
[SourceTitle "EXT 2000"]
[Source "ChessBase"]
[SourceDate "1999.11.16"]
[SourceVersion "1"]
[SourceVersionDate "1999.11.16"]
[SourceQuality "1"]

1. Nf3 d5 2. g3 Bg4 3. Bg2 Nd7 4. d4 e6 5. 0-0 Bd6 6. c4 c6 7. b3 Bxf3 8. Bxf3 f5 9. Bh5+ g6 10. Bf3 Ngf6 11. Bh6 Qe7 12. Nc3 Kf7 13. h4 Rab8 14. Rc1 Rhe8 15. e3 Kg8 16. Bg2 Rbd8 17. Qc2 Qf7 18. Rcd1 Bb8 19. Ne2 Ne4 20. b4 Ndf6 21. Bf4 e5 22. dxe5 Bxe5 23. Bxe5 Rxe5 24. Nf4 Qe7 25. a3 Kg7 26. cxd5 Nxd5 27. Nxd5 Rexd5 28. Rxd5 Rxd5 29. Rd1 Rxd1+ 30. Qxd1 Qd6 31. Qxd6 Nxd6 32. Bf1 Kf6 33. Bd3 Ke5 34. Kf1 Kd5 35. Ke2 b6 36. f3 c5 37. bxc5 Kxc5 38. g4 fxg4 39. fxg4 Nc4 40. g5 Ne5 41. Bb1 Kd6 42. Ba2 Nd7 43. Kf3 Ke5 44. Bc4 Nf8 45. Bd3 Ne6 46. Bc4 Nf8 47. Bd3 Kd5 48. Kg4 Nd7 49. Kf4 Nc5 50. Bc2 Ne6+ 51. Kg4 b5 52. h5 Nf8 53. hxg6 hxg6 54. Bd3 a6 55. Kf4 Ne6+ 56. Kg4 Nf8 57. Kf4 Kd6 58. Kg4 Ke5 59. Kf3 Kd6 60. Kg4 Ke5 61. Kf3 Kd6 62. Kg4 Kd5 63. Kf3 Nd7 64. Kf4 Ne5 65. Be4+ Kd6 66. Bb1 Kd5 67. Be4+ Ke6 68. Bc2 Kd6 69. a4 b4 70. a5 Kd5 71. Bb3+ Kd6 72. Bc2 Kd5 73. Bb3+ Nc4 74. Bc2 Nxa5 75. Bxg6 b3 76. Kf5 Nc4 77. Kf6 b2 78. Bb1 Nxe3 79. g6 Ng4+ 80. Ke7 Nh6 81. Kf6 Kd6 82. g7 a5 83. Kg6 Ng8 84. Kf7 Nh6+ 85. Kg6 Ng8 86. Kf7 Ne7 87. Ba2 Nf5 88. Kg6 Ke5 89. g8N Nh4+ 90. Kf7 0-1

[Event "Mondariz-B"]
[Site "Mondariz"]
[Date "1999.??.??"]
[Round "3"]
[White "Miguel Lago, Victor Miguel"]
[Black "Moreno Ruiz, Javier"]
[Result "1/2-1/2"]
[WhiteElo "2340"]
[BlackElo "2390"]
[PlyCount "119"]
[EventDate "1999.??.??"]
[EventType "tourn"]
[EventRounds "9"]
[EventCountry "ESP"]
[EventCategory "4"]
[SourceTitle "EXT 2000"]
[Source "ChessBase"]
[SourceDate "1999.11.16"]
[SourceVersion "1"]
[SourceVersionDate "1999.11.16"]
[SourceQuality "1"]

1. Nf3 Nf6 2. g3 g6 3. Bg2 Bg7 4. c4 0-0 5. 0-0 d6 6. Nc3 e5 7. d4 Nbd7 8. e4 a6 9. h3 b5 10. Re1 bxc4 11. dxe5 Nxe5 12. Nxe5 dxe5 13. Qa4 Be6 14. Kh2 Nd7 15. Rd1 Qe7 16. Nd5 Bxd5 17. exd5 Nb6 18. Qa5 Rab8 19. Be3 Nc8 20. Qxa6 Nd6 21. Bc5 Rxb2 22. Rac1 f5 23. Rxc4 f4 24. Rb4 Rc2 25. Rc4 Rb2 26. Rb4 Rxb4 27. Bxb4 e4 28. gxf4 Qf6 29. Bd2 Bh6 30. Kg1 Bxf4 31. Bxf4 Qxf4 32. Qe2 Re8 33. Rd4 Qe5 34. Rd1 Qc3 35. Re1 Nf5 36. Rb1 e3 37. fxe3 Rxe3 38. Qf2 Qe5 39. Rf1 Re2 40. Qf4 Qxf4 41. Rxf4 Rxa2 42. h4 Kg7 43. h5 Kf6 44. hxg6 hxg6 45. Re4 Rc2 46. Re6+ Kg5 47. Be4 Rc1+ 48. Kf2 Kf4 49. d6 cxd6 50. Bxf5 gxf5 51. Rxd6 Rc2+ 52. Kg1 Ke3 53. Ra6 Rc3 54. Kg2 Rc2+ 55. Kg1 Re2 56. Ra3+ Kf4 57. Ra5 Re5 58. Rxe5 Kxe5 59. Kf1 Kd5 60. Ke1 1/2-1/2

[Event "Mondariz-B"]
[Site "Mondariz"]
[Date "1999.??.??"]
[Round "1"]
[White "Miguel Lago, Victor Miguel"]
[Black "Stefanova, Antoaneta"]
[Result "0-1"]
[WhiteElo "2340"]
[BlackElo "2440"]
[PlyCount "84"]
[EventDate "1999.??.??"]
[EventType "tourn"]
[EventRounds "9"]
[EventCountry "ESP"]
[EventCategory "4"]
[SourceTitle "EXT 2000"]
[Source "ChessBase"]
[SourceDate "1999.11.16"]
[SourceVersion "1"]
[SourceVersionDate "1999.11.16"]
[SourceQuality "1"]

1. Nf3 d5 2. g3 c6 3. Bg2 Bg4 4. d4 Nd7 5. 0-0 e6 6. Nbd2 f5 7. c4 Bd6 8. b3 Ngf6 9. Bb2 Ne4 10. Ne1 Qg5 11. Nxe4 fxe4 12. f3 Bf5 13. Qc1 Qxc1 14. Rxc1 Nf6 15. fxe4 Nxe4 16. cxd5 cxd5 17. Nd3 b6 18. Ne5 h5 19. Bxe4 dxe4 20. Nc4 Be7 21. Ne3 Bg6 22. Rc6 Kd7 23. Rc4 b5 24. Rc2 Rac8 25. Kg2 Bg5 26. Rxc8 Rxc8 27. Nd1 Rc2 28. Kf2 e3+ 29. Kf3 Bf5 30. h4 Bh6 31. Ba3 Bh3 32. Re1 Bg4+ 33. Ke4 Rxa2 34. Bc5 Rxe2 35. Rxe2 Bxe2 36. Nc3 Bf1 37. Bxa7 e2 38. Nxe2 Bxe2 39. Ke5 Bd1 40. b4 Bb3 41. Bc5 Bd2 42. Bf8 g6 0-1

[Event "Nigran op 13th"]
[Site "Nigran"]
[Date "1999.??.??"]
[Round "6"]
[White "Reinaldo Castineira, Roi"]
[Black "Miguel Lago, Victor Miguel"]
[Result "0-1"]
[WhiteElo "2325"]
[BlackElo "2340"]
[PlyCount "128"]
[EventDate "1999.??.??"]
[EventType "swiss"]
[EventRounds "9"]
[EventCountry "ESP"]
[SourceTitle "EXT 2000"]
[Source "ChessBase"]
[SourceDate "1999.11.16"]
[SourceVersion "1"]
[SourceVersionDate "1999.11.16"]
[SourceQuality "1"]

1. e4 c6 2. Nc3 d5 3. Nf3 Bg4 4. h3 Bh5 5. exd5 cxd5 6. Bb5+ Nc6 7. g4 Bg6 8. Ne5 Rc8 9. d4 e6 10. Qe2 Bd6 11. Nxg6 hxg6 12. Nxd5 Bb8 13. c4 a6 14. Bxc6+ bxc6 15. Nb4 Qxd4 16. Nxa6 Nf6 17. Nxb8 Rxb8 18. f3 Rb4 19. Be3 Qxc4 20. Qxc4 Rxc4 21. Rc1 Ra4 22. a3 Nd5 23. Bd2 Kd7 24. Kf2 f6 25. Kg3 e5 26. Rhe1 Rb8 27. Rc2 Rb3 28. Kf2 g5 29. Re2 Rd4 30. Be3 Rd1 31. Red2 Rh1 32. Kg2 Rb1 33. Kf2 Ke8 34. Ba7 Nf4 35. Rxc6 Nd3+ 36. Kg3 R1xb2 37. Rxb2 Rxb2 38. Rb6 Ra2 39. Rb3 Nc1 40. Re3 Ne2+ 41. Kf2 Nf4+ 42. Kf1 Ra1+ 43. Kf2 Nxh3+ 44. Ke2 Nf4+ 45. Kd2 Ra2+ 46. Kc1 Kd7 47. Kb1 Rd2 48. Rb3 Kc6 49. a4 Rd3 50. Kc2 Rxb3 51. Kxb3 Nd3 52. Kc4 Ne1 53. Bf2 Nxf3 54. Bg3 Nd2+ 55. Kd3 Nf1 56. Be1 Nh2 57. Ke4 Nxg4 58. Kf5 Ne3+ 59. Kg6 Ng2 60. Bc3 e4 61. Kxg7 f5 62. Kf6 f4 63. Bd4 e3 64. Kxg5 f3 0-1

[Event "ESP-ch"]
[Site "Linares"]
[Date "1998.08.18"]
[Round "7"]
[White "Miguel Lago, Victor Miguel"]
[Black "Lezcano Jaen, Pedro"]
[Result "1-0"]
[WhiteElo "2330"]
[BlackElo "2425"]
[PlyCount "79"]
[EventDate "1998.08.??"]
[EventType "swiss"]
[EventRounds "9"]
[EventCountry "ESP"]
[SourceTitle "EXT 1999"]
[Source "ChessBase"]
[SourceDate "1998.11.16"]
[SourceVersion "1"]
[SourceVersionDate "1998.11.16"]
[SourceQuality "1"]

1. Nf3 Nf6 2. g3 g6 3. Bg2 Bg7 4. c4 0-0 5. 0-0 d6 6. Nc3 c6 7. d4 Qa5 8. h3 Be6 9. d5 cxd5 10. Nd4 Bd7 11. cxd5 Rc8 12. Nb3 Qd8 13. Be3 a5 14. a4 Na6 15. Qd3 Nb4 16. Qd2 Be8 17. Bd4 Nd7 18. Bxg7 Kxg7 19. Nd4 Nc5 20. h4 e5 21. dxe6 fxe6 22. Bxb7 e5 23. Bxa8 Rxa8 24. Ndb5 d5 25. Qg5 Qxg5 26. hxg5 d4 27. Nc7 Rc8 28. Nxe8+ Rxe8 29. Nb5 Re7 30. Rfd1 Kf7 31. Ra3 Ne6 32. Nd6+ Kg7 33. Ne4 Rc7 34. Raa1 d3 35. exd3 Nd4 36. Kf1 Nbc2 37. Rab1 Kf7 38. Nd6+ Ke6 39. Nc4 e4 40. Ne3 1-0

[Event "ESP-ch"]
[Site "Linares"]
[Date "1998.08.17"]
[Round "6"]
[White "Miguel Lago, Victor Miguel"]
[Black "Larios Crespo, Manuel"]
[Result "1-0"]
[WhiteElo "2330"]
[BlackElo "2205"]
[PlyCount "81"]
[EventDate "1998.08.??"]
[EventType "swiss"]
[EventRounds "9"]
[EventCountry "ESP"]
[SourceTitle "EXT 1999"]
[Source "ChessBase"]
[SourceDate "1998.11.16"]
[SourceVersion "1"]
[SourceVersionDate "1998.11.16"]
[SourceQuality "1"]

1. Nf3 Nf6 2. g3 g6 3. Bg2 Bg7 4. c4 0-0 5. 0-0 d6 6. Nc3 Nbd7 7. d4 e5 8. e4 exd4 9. Nxd4 Re8 10. h3 Nc5 11. Re1 c6 12. Rb1 a5 13. Bf4 Nh5 14. Be3 a4 15. b4 axb3 16. axb3 Ne6 17. Nde2 Qc7 18. Qd2 b6 19. Red1 Bf8 20. f4 Nf6 21. b4 Bb7 22. g4 Rad8 23. Ng3 d5 24. cxd5 g5 25. Qf2 gxf4 26. dxe6 fxe3 27. Qxf6 Rxd1+ 28. Nxd1 fxe6 29. Qg5+ Kh8 30. Qxe3 c5 31. b5 c4 32. Kh1 Bc5 33. Qc3+ e5 34. Qxc4 Qd7 35. Ne3 Qd2 36. Nd5 Rc8 37. Qc1 Qf2 38. Nh5 Bxd5 39. Qg5 Bf8 40. Qxe5+ Kg8 41. Qxd5+ 1-0

[Event "Murcia op"]
[Site "Murcia"]
[Date "1997.??.??"]
[Round "7"]
[White "Acosta Garcia, Alfonso Carlos"]
[Black "Miguel Lago, Victor Miguel"]
[Result "0-1"]
[WhiteElo "2230"]
[BlackElo "2285"]
[PlyCount "68"]
[EventDate "1997.??.??"]
[EventType "swiss"]
[EventRounds "9"]
[EventCountry "ESP"]
[SourceTitle "EXT 2000"]
[Source "ChessBase"]
[SourceDate "1999.11.16"]
[SourceVersion "1"]
[SourceVersionDate "1999.11.16"]
[SourceQuality "1"]

1. e4 e5 2. Nf3 Nc6 3. Bb5 a6 4. Ba4 Nf6 5. 0-0 b5 6. Bb3 Bc5 7. Nxe5 Nxe5 8. d4 Bxd4 9. Qxd4 d6 10. c3 c5 11. Qe3 0-0 12. f4 Neg4 13. Qf3 Bb7 14. Bc2 Qd7 15. h3 Nh6 16. g4 d5 17. e5 d4 18. Qg3 Ne4 19. Bxe4 Bxe4 20. f5 f6 21. e6 Qd5 22. Nd2 Nxf5 23. gxf5 Bxf5 24. e7 Rf7 25. c4 bxc4 26. Nxc4 Qxc4 27. Qf3 Re8 28. Qxf5 Rfxe7 29. Bd2 Re5 30. Qf3 Qe6 31. Rae1 h6 32. b3 Qf7 33. Kh1 Qd7 34. Kg1 d3 0-1

[Event "Nigran op"]
[Site "Nigran"]
[Date "1997.??.??"]
[Round "4"]
[White "Bernal Moro, Luis Javier"]
[Black "Miguel Lago, Victor Miguel"]
[Result "1-0"]
[WhiteElo "2430"]
[BlackElo "2285"]
[PlyCount "101"]
[EventDate "1997.??.??"]
[EventType "swiss"]
[EventRounds "9"]
[EventCountry "ESP"]
[SourceTitle "EXT 1999"]
[Source "ChessBase"]
[SourceDate "1998.11.16"]
[SourceVersion "1"]
[SourceVersionDate "1998.11.16"]
[SourceQuality "1"]

1. d4 Nf6 2. c4 g6 3. Nc3 Bg7 4. e4 d6 5. f3 0-0 6. Be3 e5 7. d5 Nh5 8. Qd2 f5 9. 0-0-0 f4 10. Bf2 Bf6 11. Nge2 Bh4 12. Bg1 Be7 13. Kb1 Nd7 14. Nc1 c5 15. dxc6 bxc6 16. Nb3 Ba6 17. Bf2 Ng7 18. c5 Nxc5 19. Bxc5 Bxf1 20. Rhxf1 dxc5 21. Qd7 Qxd7 22. Rxd7 Kf7 23. Na5 Rfd8 24. Rfd1 Ke6 25. Rxd8 Rxd8 26. Nxc6 Rxd1+ 27. Nxd1 a6 28. Nc3 Ne8 29. Nd5 Bd6 30. Na5 Nc7 31. Nxc7+ Bxc7 32. Nc4 g5 33. Kc2 h5 34. h3 g4 35. hxg4 hxg4 36. Kd3 gxf3 37. gxf3 Bd8 38. Nd2 Bh4 39. Nb3 Bf2 40. Kc4 Kd6 41. Nc1 Bd4 42. Nd3 Kc6 43. b4 cxb4 44. Nxb4+ Kb6 45. Kd5 Kb5 46. Nc6 Bc3 47. Nxe5 Kb4 48. Nc4 Bf6 49. e5 Bg5 50. e6 Bf6 51. Ne5 1-0

[Event "Mondariz op"]
[Site "Mondariz"]
[Date "1997.??.??"]
[Round "?"]
[White "Diaz Nunez, Adolfo"]
[Black "Miguel Lago, Victor Miguel"]
[Result "1/2-1/2"]
[WhiteElo "2145"]
[BlackElo "2285"]
[PlyCount "116"]
[EventDate "1997.??.??"]
[EventType "swiss"]
[EventRounds "9"]
[EventCountry "ESP"]
[SourceTitle "EXT 1999"]
[Source "ChessBase"]
[SourceDate "1998.11.16"]
[SourceVersion "1"]
[SourceVersionDate "1998.11.16"]
[SourceQuality "1"]

1. Nf3 Nf6 2. c4 g6 3. g3 Bg7 4. Bg2 0-0 5. 0-0 d6 6. d4 Nbd7 7. Nc3 e5 8. e4 c6 9. h3 exd4 10. Nxd4 Qb6 11. Re1 Ne8 12. Nc2 Ne5 13. Be3 Qc7 14. Qe2 Be6 15. Na3 Qa5 16. f4 Nd7 17. Rac1 Nb6 18. g4 Qb4 19. Bf1 f5 20. exf5 gxf5 21. Nc2 Qxb2 22. Nd1 Bxc4 23. Qxc4+ Nxc4 24. Bxc4+ d5 25. Nxb2 Bxb2 26. Rb1 Bc3 27. Bd3 Bxe1 28. Nxe1 b6 29. Bxf5 Ng7 30. Bc2 Rae8 31. Kf2 Re7 32. Nf3 c5 33. Re1 d4 34. Bd2 Rxe1 35. Kxe1 b5 36. Ng5 h6 37. Ne4 c4 38. f5 d3 39. Bd1 Nxf5 40. gxf5 Rxf5 41. Bg4 Re5 42. Bf3 Re6 43. a3 Kf7 44. Kf2 a6 45. Ke3 Kg6 46. Bg4 Re8 47. Bb4 Ra8 48. Ba5 Rf8 49. Bf3 Re8 50. Kd4 Rf8 51. Ke3 Re8 52. Bc3 Re7 53. Bb4 Ra7 54. Ba5 Re7 55. Kf4 Rf7+ 56. Ke3 Re7 57. Bg4 Rf7 58. Bf3 Re7 1/2-1/2

[Event "Mondariz 04"]
[Site "Mondariz"]
[Date "1996.??.??"]
[Round "9"]
[White "Buckley, Graeme N"]
[Black "Miguel Lago, Victor Miguel"]
[Result "1-0"]
[WhiteElo "2385"]
[BlackElo "2275"]
[PlyCount "83"]
[EventDate "1996.04.??"]
[EventType "tourn"]
[EventRounds "10"]
[EventCountry "ESP"]
[EventCategory "3"]
[SourceTitle "EXT 2004"]
[Source "ChessBase"]
[SourceDate "2003.11.25"]
[SourceVersion "1"]
[SourceVersionDate "2003.11.25"]
[SourceQuality "1"]

1. d4 Nf6 2. c4 g6 3. Nc3 Bg7 4. e4 d6 5. f4 0-0 6. Nf3 c5 7. d5 e6 8. Be2 exd5 9. cxd5 Re8 10. e5 dxe5 11. fxe5 Ng4 12. Bg5 f6 13. exf6 Bxf6 14. Qd2 Bxg5 15. Qxg5 Qxg5 16. Nxg5 Ne3 17. Kf2 Nc2 18. Raf1 Nd4 19. Bd1 Bf5 20. g4 Bd3 21. Re1 Nd7 22. Ne6 Bc4 23. Nc7 Rf8+ 24. Kg2 Rac8 25. d6 Rf7 26. b3 Bd3 27. Re3 Bc2 28. Be2 Nb6 29. Rc1 Rd8 30. N7b5 Rdf8 31. Rf1 Nxe2 32. Rxf7 Nf4+ 33. Rxf4 Rxf4 34. Kg3 Rf7 35. Na3 Rd7 36. Nxc2 Rxd6 37. Ne4 Rc6 38. g5 Nd5 39. Rd3 Ne7 40. Ne3 Kf7 41. Rd7 Re6 42. Kf3 1-0

[Event "Mondariz 02"]
[Site "Mondariz"]
[Date "1996.??.??"]
[Round "?"]
[White "Hernandez Estevez, Yudania"]
[Black "Miguel Lago, Victor Miguel"]
[Result "1/2-1/2"]
[WhiteElo "2245"]
[BlackElo "2275"]
[PlyCount "176"]
[EventDate "1996.02.??"]
[EventType "tourn"]
[EventRounds "11"]
[EventCountry "ESP"]
[EventCategory "3"]
[SourceTitle "EXT 2004"]
[Source "ChessBase"]
[SourceDate "2003.11.25"]
[SourceVersion "1"]
[SourceVersionDate "2003.11.25"]
[SourceQuality "1"]

1. e4 e5 2. Nf3 Nc6 3. Bb5 a6 4. Ba4 Nf6 5. d3 d6 6. c3 Be7 7. 0-0 0-0 8. Re1 Re8 9. Nbd2 Bf8 10. Nf1 h6 11. Ng3 d5 12. Qe2 b5 13. Bb3 Na5 14. Bc2 d4 15. a4 c5 16. Bd2 Bd7 17. cxd4 cxd4 18. Bxa5 Qxa5 19. axb5 Qxb5 20. Reb1 Qb4 21. Qd1 Bb5 22. Ba4 Nd7 23. Qe1 Bxa4 24. Qxb4 Bxb4 25. Rxa4 a5 26. Raa1 Rac8 27. Rc1 Nc5 28. Rd1 Nb3 29. Rab1 g6 30. Ne2 Rc2 31. Nc1 a4 32. Na2 Ba5 33. g3 f5 34. Ne1 Rc5 35. Kg2 Rb8 36. Nf3 Kf7 37. Nc1 Ke6 38. Nxb3 axb3 39. Ra1 Rbb5 40. Ra3 fxe4 41. dxe4 Kd6 42. Rd3 Bc3 43. bxc3 Rxc3 44. Rd1 Kc5 45. Raa1 b2 46. Rab1 Kc4 47. Rd2 Rcb3 48. Ne1 R5b4 49. Kf1 d3 50. Nxd3 Rxd3 51. Rbxb2 Ra4 52. Rxd3 Kxd3 53. Rb6 g5 54. Rxh6 Kxe4 55. Kg2 Kf5 56. h3 g4 57. h4 Re4 58. Rh5+ Kf6 59. Rg5 Rd4 60. Kf1 Ra4 61. Rg8 Kf7 62. Rc8 Kf6 63. Rc6+ Kf5 64. h5 Ra1+ 65. Kg2 Ra7 66. h6 Rb7 67. Kf1 Rb1+ 68. Ke2 Rh1 69. Ke3 Rh3 70. Rb6 Rh1 71. Ra6 Rh3 72. Kd3 Rh2 73. Ke2 Rh1 74. Rb6 Rh3 75. Ke3 Rh1 76. Rb8 Rxh6 77. Rf8+ Rf6 78. Rxf6+ Kxf6 79. Kd3 Kf5 80. Ke3 Kf6 81. Kd2 Ke6 82. Kc3 Kd5 83. Kd3 e4+ 84. Ke3 Ke5 85. Ke2 Kd5 86. Ke3 Ke5 87. Ke2 Kd5 88. Ke3 Ke5 1/2-1/2

[Event "Wch U26"]
[Site "Leon"]
[Date "1996.??.??"]
[Round "7"]
[White "Miguel Lago, Victor Miguel"]
[Black "Klein, Volker"]
[Result "1/2-1/2"]
[WhiteElo "2290"]
[BlackElo "2270"]
[PlyCount "118"]
[EventDate "1996.??.??"]
[EventType "swiss"]
[EventRounds "9"]
[EventCountry "ESP"]
[SourceTitle "EXT 1997"]
[Source "ChessBase"]
[SourceDate "1996.11.15"]
[SourceVersion "1"]
[SourceVersionDate "1996.11.15"]
[SourceQuality "1"]

1. Nf3 Nf6 2. d4 e6 3. g3 b5 4. Qd3 Ba6 5. Nbd2 c5 6. e4 b4 7. c4 bxc3 8. Qxc3 Bxf1 9. Kxf1 cxd4 10. Nxd4 Be7 11. Kg2 0-0 12. Re1 Qc8 13. Qf3 Nc6 14. N2b3 Ne5 15. Qe2 Qc4 16. Bd2 Rfc8 17. Bc3 Bb4 18. Qxc4 Rxc4 19. Bxb4 Rxb4 20. f4 Nc4 21. Re2 Rab8 22. Rc1 Nxb2 23. Rc7 Ra4 24. Rxb2 Rxd4 25. Rbc2 Rdb4 26. e5 Ne8 27. Rxa7 R4b7 28. Rxb7 Rxb7 29. Rc8 Kf8 30. Kf3 Ke7 31. Nc5 Ra7 32. a4 d6 33. exd6+ Nxd6 34. Rc6 Ne8 35. Ke3 Nc7 36. Kd4 Nd5 37. Kc4 g6 38. Kb5 Kd8 39. a5 Ra8 40. a6 Rb8+ 41. Ka5 Ke7 42. Na4 Kd7 43. Rc4 Nc7 44. Nb6+ Kd6 45. a7 Re8 46. Rxc7 Kxc7 47. a8Q Rxa8+ 48. Nxa8+ Kc6 49. Kb4 Kd5 50. Nb6+ Ke4 51. Kc5 h5 52. Nc4 h4 53. Nd6+ Kf3 54. gxh4 Kxf4 55. Nxf7 Kg4 56. Ng5 Kxh4 57. Nf3+ Kh3 58. Kd4 Kg2 59. Ke4 g5 1/2-1/2